| 000 | 00877nam a2200253 a 4500 | ||
|---|---|---|---|
| 005 | 20191224041540.0 | ||
| 008 | 140221b1998 be ||||| |||| 00| 0 eng d | ||
| 040 |
_aCO-BoIAVH _cCO-BoIAVH |
||
| 041 | _aeng | ||
| 082 |
_a333.95 _bR88f |
||
| 110 | _bRoyal Belgian Institute of Natural Sciences | ||
| 245 | 1 | 0 | _aFirst national report of Belgium to the convention on biological diversity |
| 260 |
_aBruselas _bRoyal Belgian Institute of Natural Sciences _c1998 |
||
| 300 | _a72 páginas | ||
| 650 | 1 | 6 | _aConvenio sobre diversidad biológica |
| 650 | 1 | 6 | _aPolítica ambiental |
| 650 | 1 | 6 | _aGestión ambiental |
| 650 | 1 | 6 | _aMonitoreo biológico |
| 650 | 1 | 6 | _aConservación ex situ |
| 650 | 1 | 6 | _aColecciones biológicas |
| 650 | 1 | 6 | _aClearing House Mechanism |
| 650 | 1 | 6 | _aLegislación ambiental |
| 942 |
_cLIBRO _2ddc |
||
| 999 |
_c724 _d724 |
||